000 00617nam a2200229Ia 4500
003 OSt
005 20230602110510.0
008 210423s1996 xx 000 0 und d
020 _a8186231226
040 _cAL
041 _aeng
082 _a361.3
_223
_bBHAF
100 _aBHANTI (Raj)
_9118669
245 _aField work in social work perspectives
260 _aDelhi
_bHimalaya Publishing House
_c1996
300 _aiv,188
_bHB
365 _b350
_cINR
650 _aSocial Problems & Services
_9118670
650 _aSocial Work
_9118671
906 _aField ; perspectives ; social ; work
942 _2ddc
_cBK
999 _c174742
_d174742